banner koha

Gestão sustentável: alta produtividade reduz custo em 2017 (Registro n. 328902)

MARC details
000 -LÍDER
fixed length control field 00913nab a2200265 4500
003 - CÓDIGO MARC DA AGÊNCIA CATALOGADORA
Campo de controle BR-BrBNA
005 - DATA E HORA DA ÚLTIMA ATUALIZAÇÃO
Campo de controle 20241128124511.0
008 - CAMPO DE TAMANHO FIXO
fixed length control field 241128b bl.||||| |||| 00| 0 por d
040 ## - FONTE DA CATALOGAÇÃO
Agência catalogadora BR-BrBNA
Idioma da catalogação por
072 ## - CATEGORIA AGRIS
Código AGRIS E20 ; E16
Código do objeto 1300 ; 1660 ; 1850
100 ## - ENTRADA PRINCIPAL - NOME PESSOAL
Nome pessoal Deleo, João Paulo Bernardes
100 ## - ENTRADA PRINCIPAL - NOME PESSOAL
Nome pessoal Boteon, Margarete
245 ## - TÍTULO PRINCIPAL
Título principal Gestão sustentável: alta produtividade reduz custo em 2017
Subtítulo Especial Hortaliças
500 ## - NOTA GERAL
Nota geral 21 illus.; 19 tables
942 ## - ADDED ENTRY ELEMENTS (KOHA)
Koha item type Analítica
650 ## - ASSUNTO - THESAGRO
Cabeçalho tópico ou nome geográfico HORTALIÇA
650 ## - ASSUNTO - THESAGRO
Cabeçalho tópico ou nome geográfico TOMATE
650 ## - ASSUNTO - THESAGRO
Cabeçalho tópico ou nome geográfico ALFACE
650 ## - ASSUNTO - THESAGRO
Cabeçalho tópico ou nome geográfico GESTÃO
650 ## - ASSUNTO - THESAGRO
Cabeçalho tópico ou nome geográfico SUSTENTABILIDADE
650 ## - ASSUNTO - THESAGRO
Cabeçalho tópico ou nome geográfico CUSTO DE PRODUÇÃO
650 ## - ASSUNTO - THESAGRO
Cabeçalho tópico ou nome geográfico PRODUTIVIDADE
773 0# - ENTRADA ANALÍTICA
Host Biblionumber 4115
Registro do item 15859
Imprenta Piracicaba-SP Centro de Estudos Avançados em Economia Aplicada-CEPEA/USP/ESALQ 2002
Outro identificador 2023-354016
Título Hortifruti Brasil (Brazil)
ISSN 1981-1837
Colação v. 17(179) p. 6-19; (Jun 2018)
Número de controle de registro BR2024003758

Nenhum exemplar disponível.

BINAGRI

Telefone: (61)3218-2567/2388/3357/2097 - binagri@agro.gov.br

Ministério da Agricultura e Pecuária , Esplanada dos Ministérios, Bloco D, Anexo B, Brasília/DF, CEP: 70.043-900